Owensboro, Kentucky Stuff Quiz Stats

 Plays Quiz not verified by Sporcle

Also try: Lands and Stans
Challenge
Share
Tweet
Embed
Score 0/10 Timer 05:00
0 Plays Today
% Correct
Daviess
66.7%
Owensboro
62.5%
Apollo
41.7%
Ohio
37.5%
Catholic
33.3%
Museum
16.7%
Hawes
16.7%
Horse
16.7%
Berry
12.5%
Center
8.3%

You're not logged in!

Compare scores with friends on all Sporcle quizzes.
OR
Log In

You Might Also Like...

Show Comments

Extras

Created Oct 1, 2010ReportNominate
Tags:counties, kentucky

Top Quizzes Today


Score Distribution

Your Account Isn't Verified!

In order to create a playlist on Sporcle, you need to verify the email address you used during registration. Go to your Sporcle Settings to finish the process.

Report this User

Report this user for behavior that violates our Community Guidelines.

Details: